Normal view
MARC view
- Lecturas y narraciones
Entry Materia
001 - NÚMERO DE CONTROL DEL REGISTRO
- campo de control: 10213
003 - IDENTIFICADOR DE NUMERO DE CONTROL
- campo de control: UPN
005 - FECHA Y HORA DE LA ÚLTIMA TRANSACCIÓN
- campo de control: 20220607144746.0
008 - DATOS DE LONGITUD FIJA
- campo de control de longitud fija: 220607n||acnnnbabn b ana |d
035 ## - NÚMERO DE CONTROL DEL SISTEMA
- Número de control del sistema: UPN10000010220
040 ## - FUENTE DE LA CATALOGACIÓN
- Centro catalogador de origen: UPN
- Lengua de catalogación: spa
- Agencia de transcripción: UPN
046 ## - FECHAS CON CODIFICACIÓN ESPECIAL
- Fecha final para contenidos agregados: 2022
150 ## - ENCABEZAMIENTO - TEMÁTICO
- Término de materia o nombre geográfico como elemento inicial: Lecturas y narraciones
670 ## - FUENTE EN LA QUE SE LOCALIZARON DATOS
- Cita de la fuente: E
680 ## - NOTA GENERAL CON DESPLIEGUE PÚBLICO
- Texto explicativo: Aquí se asientan las selecciones de textos para uso del salón de clase en la enseñanza del español. si las selecciones están entresacadas de un campo del conocimiento en especial, se usan subdivisiones convenientes. Ej.
- Encabezamiento: LECTURAS Y NARRACIONES - AGRICULTURA ; ARTE ; GEOGRAFIA ; ETC.
- Texto explicativo: Las colecciones similares en lenguas extrajeras se asientan bajo el nombre de la lengua con la subdivisión de
- Encabezamiento: CRESTOMATIAS Y LECTURAS,
- Texto explicativo: con la especificación de la materia, si se considera conveniente. Ej.:
- Encabezamiento: FRANCES - CRESTOMATIAS Y LECTURAS ; FRANCES - CRESTOMATIAS Y LECTURAS (CIENCIA)
902 ## - CATALOGADOR
- Catalogador: PN/050697
